ESTUDIOS DEMOGRÁFICOS Y URBANOS
Guardado en:
| Institution som forfatter: | |
|---|---|
| Format: | Bog |
| Sprog: | Spanish |
| Udgivet: |
El Colegio de México
El Colegio de México
|
| Fag: | |
| Tags: |
Tilføj Tag
Ingen Tags, Vær først til at tagge denne postø!
|
MARC
| LEADER | 00000nam a22000007a 4500 | ||
|---|---|---|---|
| 003 | cru CRAI/IIS | ||
| 005 | 20191205164107.0 | ||
| 008 | 191205b MX ||||| |||| 00| 0 spa d | ||
| 999 | |c 42725 |d 42725 | ||
| 022 | |2 0186-7210 |a | ||
| 040 | |c cru CRAI/IIS | ||
| 090 | |a REV0458 | ||
| 110 | 2 | |9 7716 |a El Colegio de la Frontera Norte (México) | |
| 245 | |a ESTUDIOS DEMOGRÁFICOS Y URBANOS |c El Colegio de Méxicio | ||
| 260 | |a El Colegio de México |b El Colegio de México | ||
| 650 | 0 | |9 409 |a CONDICIONES DE SALUD | |
| 650 | 0 | |9 4230 |a ESTUDIOS DE PAÍSES | |
| 650 | 4 | |9 3428 |a DEMOGRAFIA | |
| 650 | 0 | |9 489 |a ACCESO A LA SALUD | |
| 650 | 0 | |9 403 |a ESTUDIOS DE GENERO | |
| 650 | 0 | |9 1182 |a URBANISMO | |
| 942 | |2 ddc |c LI | ||
